000 00462nam a22001817a 4500
003 CEME
005 20210628201647.0
008 210212b xxu||||| |||| 00| 0 eng d
020 _a0-669-41685-1
040 _c.
082 _a551 DOL
100 _aDolgoff, Anatole
_956230
245 _aPhysical geology anatole dolgoff
260 _aLEXINGTON
_bD.C HEATH AND COMPANY
_c1996
300 _aXXIX,628P
650 _aGEOLOGY,PHYSICAL
_956231
942 _cBK
_2ddc
999 _c566714
_d566714